000 00447nam a2200181Ia 4500
001 5076
005 20260306145841.0
008 260306t2014||||xx |||||||||||||| ||spa||
041 _aESP
082 _a332.678
_bM97
100 _aMurcia; Jairo Darío
_eAUT
245 0 _aProyectos, formulación y criterios de evaluación
260 _c2014
300 _a468 páginas :
_c24 cm.
650 _aGEN
654 _aCAN
942 _cLIB
_dJUS
_fJUS
_2ddc
_n
999 _c5076
_d5076